000 00986nam a2200289 a 4500
001 BRCA_7496
005 20190320205847.0
008 300413s1929----gw-a######---#000-0#ger-#
041 _ager
044 _agw
050 4 _aNB193
_b.F48 1929
100 1 _aFeulner, Adolf
_918453
245 1 0 _aSkulptur und Malerei des 18 jahrhunderts in Deutschland
_cvon Adolf Feulner ; begründet von Fritz Burger ; herausgegeben von A. E. Brinckmann.
260 _aAlemania
_bAkademische Verlagsgesellschaft Athenaion
_c1929
300 _a265 p.
_bil. (algunas a color), 14 láminas
440 0 _aHandbuch der Kunstwissenschaft
_918454
500 _aIncluye índice onomástico
500 _aR26
504 _aBibliografía p. 255-261
650 1 4 _aEscultura
_xHistoria
_zAlemania
_918455
650 1 4 _aPintura
_xHistoria
_zAlemania
_918456
650 1 4 _aArte
_zAlemania
_918457
710 2 _aBurger, Fritz
_918458
710 2 _aBrinckmann, A. E.
_eed.
_918459
902 _aGFM
942 _2lcc
_cB
999 _c7171
_d7171